000 00352nam a2200133Ia 4500
008 240624s9999 xx 000 0 und d
041 _aeng
082 _a382 CHA
100 _aCHATTERJEE CHIRADEEP
245 _aCASE STUDIES ON INTERNATIONAL TRADE AND
260 _c2007
_aHyderabad
_bICFAI University
300 _a240 : p. : cm. ; 24
365 _cRS
_b25
999 _c8336
_d8336